[Event "Alushta1"]
[Site "Alushta"]
[Date "1994.??.??"]
[Round "9"]
[White "Manakova, Maria"]
[Black "Kuzmin, Gennadi P"]
[Result "0-1"]
[WhiteElo "2315"]
[BlackElo "2505"]
[PlyCount "82"]
[EventDate "1994.01.??"]
[Source "ChessBase"]

1. d4 c5 2. d5 Nf6 3. Nf3 e6 4. Nc3 d6 5. e4 exd5 6. Nxd5 Be7 7. Bb5+ Nc6 8. O-O O-O 9. Bf4 Nxd5 10. exd5 Nb4 11. c3 Na6 12. Ba4 Bf5 13. Bc2 Qd7 14. Re1 Rfe8 15. Qb1 Bg6 16. Bxg6 hxg6 17. Nd2 Bf8 18. Qd3 b5 19. a4 c4 20. Qd4 Nc5 21. axb5 Qxb5 22. Qxc4 Qxb2 23. h3 Qc2 24. Rxe8 Rxe8 25. Rxa7 Ne4 26. Qc6 Qc1+ 27. Kh2 Nf6 28. Ra8 Rxa8 29. Qxa8 Ne4 30. h4 f5 31. Qe8 Nxd2 32. Bxd6 Nf1+ 33. Kg1 Ne3+ 34. Kh2 Ng4+ 35. Kg3 Kh7 36. Qxf8 Qxc3+ 37. f3 Qe1+ 38. Kf4 Qd2+ 39. Kg3 Ne3 40. Qe7 Qxg2+ 41. Kf4 Nxd5+ 0-1

[Event "CCA/ICC"]
[Site "Stratton Mountain"]
[Date "2004.06.12"]
[Round "7"]
[White "Hoekstra, Matthew"]
[Black "Donaldson, John W"]
[Result "1/2-1/2"]
[WhiteElo "2358"]
[BlackElo "2459"]
[PlyCount "60"]
[EventDate "2004.06.08"]
[Source "Roberto Alvarez"]
[SourceDate "2004.06.13"]

1. d4 c5 2. d5 Nf6 3. Nc3 g6 4. e4 d6 5. Bg5 Bg7 6. Qd2 a6 7. f3 h6 8. Bf4 b5 9. Nge2 Nbd7 10. g4 Ne5 11. Bxe5 dxe5 12. Ng3 h5 13. g5 Nd7 14. h4 Nb6 15. a4 b4 16. Nd1 Bd7 17. a5 Nc8 18. c3 Nd6 19. cxb4 cxb4 20. Qxb4 O-O 21. Be2 Rb8 22. Qa3 Bb5 23. Ne3 f6 24. gxf6 Rxf6 25. O-O Bh6 26. Rf2 Bf4 27. Nef1 Qf8 28. Bxb5 Nxb5 29. Qd3 Nd4 30. Ra3 Nb5 1/2-1/2

[Event "SUI Ch int"]
[Site "Lucerne SUI"]
[Date "1994.??.??"]
[Round "6"]
[White "Gallagher, Joseph G"]
[Black "Forster, Richard"]
[Result "1-0"]
[WhiteElo "2485"]
[BlackElo "2330"]
[PlyCount "85"]
[EventDate "1994.??.??"]
[Source "www.chesslib.no"]
[SourceDate "2004.05.04"]

1. d4 c5 2. d5 Nf6 3. Nc3 g6 4. e4 d6 5. f4 Bg7 6. Bb5+ Nfd7 7. Bd3 O-O 8. Nf3 Na6 9. O-O Nc7 10. f5 Nf6 11. fxg6 fxg6 12. Qe1 Bg4 13. Qh4 Bxf3 14. Rxf3 Qd7 15. Bg5 Ng4 16. Raf1 h6 17. Bd2 Bf6 18. Qe1 Bg7 19. Nd1 Ne5 20. Rxf8+ Rxf8 21. Rxf8+ Kxf8 22. b3 b5 23. Be2 Kg8 24. Qh4 Kh7 25. Ne3 b4 26. h3 Nb5 27. Ng4 Nxg4 28. Bxg4 Qe8 29. Be2 Nd4 30. Bd3 Qf8 31. Qf2 Qe8 32. Qf4 a5 33. h4 a4 34. e5 dxe5 35. Qg4 axb3 36. axb3 e6 37. h5 Nf5 38. dxe6 e4 39. Bxe4 Bd4+ 40. Kh1 Ne7 41. hxg6+ Kg7 42. Qf4 Ng8 43. Qf7+ 1-0

[Event "Geneve op"]
[Site "Geneve"]
[Date "1996.??.??"]
[Round "8"]
[White "Lukasiewicz, Grzegorz"]
[Black "Sulava, Nenad"]
[Result "1-0"]
[WhiteElo "2330"]
[BlackElo "2480"]
[PlyCount "74"]
[EventDate "1996.01.??"]
[Source "ChessBase"]

1. d4 c5 2. d5 Nf6 3. Nf3 d6 4. Nc3 e5 5. e4 Nbd7 6. Nd2 Be7 7. h4 O-O 8. g4 Ne8 9. g5 g6 10. Be2 Ng7 11. Nf1 f6 12. Rg1 a6 13. a4 fxg5 14. hxg5 Rf4 15. Bxf4 exf4 16. Nd2 Bxg5 17. Nc4 Bf6 18. Qd2 Qf8 19. a5 Ne5 20. Nxe5 Bxe5 21. Bf3 Qf6 22. Na4 Bxb2 23. Nxb2 Qxb2 24. Ke2 Qe5 25. Rab1 Nf5 26. c3 Nh4 27. Bh1 Qh5+ 28. f3 Qe5 29. Kf2 g5 30. Rxg5+ Qxg5 31. Rg1 Qxg1+ 32. Kxg1 Ng6 33. Qb2 Kf7 34. Qb6 Ke7 35. Kh2 Ne5 36. Bg2 Bd7 37. Qxb7 Rg8 1-0

[Event "Luzern ol (Men)"]
[Site "Lucerne SUI"]
[Date "1982.??.??"]
[Round "3"]
[White "Foisor, Ovidiu"]
[Black "Danner, Georg"]
[Result "1/2-1/2"]
[WhiteElo "2400"]
[BlackElo "2410"]
[PlyCount "73"]
[EventDate "1982.10.??"]
[Source "www.chesslib.no"]
[SourceDate "2004.05.04"]

1. d4 c5 2. d5 Nf6 3. Nc3 d6 4. e4 g6 5. Nf3 Bg7 6. Be2 Na6 7. O-O Nc7 8. Re1 a6 9. a4 Rb8 10. a5 b5 11. axb6 Rxb6 12. h3 O-O 13. Bd3 Bd7 14. Na4 Rb7 15. c4 Bxa4 16. Rxa4 Nd7 17. b3 e6 18. Bc2 Ne5 19. Bd2 Nxf3+ 20. Qxf3 exd5 21. exd5 Re8 22. Rxe8+ Qxe8 23. Bc3 Qf8 24. b4 Bxc3 25. Qxc3 cxb4 26. Rxb4 Rxb4 27. Qxb4 Qe7 28. Ba4 Kg7 29. g3 Qe5 30. Bc6 h5 31. h4 a5 32. Qb6 Qe1+ 33. Kg2 Qe4+ 34. Kh2 Qe2 35. Kg2 Qe4+ 36. Kh2 Qe2 37. Kg2 1/2-1/2

[Event "Boavista Masters"]
[Site "Porto"]
[Date "1999.12.28"]
[Round "2"]
[White "Santos, Carlos P"]
[Black "Rocha, Sergio"]
[Result "1/2-1/2"]
[WhiteElo "2383"]
[BlackElo "2427"]
[PlyCount "162"]
[EventDate "1999.12.27"]
[Source "ChessBase"]
[SourceDate "2000.04.05"]

1. d4 c5 2. d5 Nf6 3. Nc3 e6 4. e4 exd5 5. exd5 d6 6. Nf3 Be7 7. Bb5+ Nbd7 8. a4 O-O 9. O-O Re8 10. Re1 a6 11. Bf1 Nf8 12. Nd2 Ng6 13. Nc4 Ng4 14. a5 N4e5 15. Nb6 Rb8 16. Ra4 Bf5 17. Ra3 Bh4 18. Ne4 Bxe4 19. Rxe4 f5 20. Re2 f4 21. Rh3 Qf6 22. Re4 h6 23. Qe1 Re7 24. Nc4 Rbe8 25. Nxe5 Rxe5 26. Rxe5 Nxe5 27. Qd1 Bg5 28. Rb3 Re7 29. f3 Bh4 30. Bd2 Qg5 31. Rb6 Nf7 32. Bc3 Qh5 33. Bd3 Bg3 34. h3 Qh4 35. Qf1 Be1 36. Be4 Bxc3 37. bxc3 Qf6 38. Qb1 Ng5 39. Rxb7 Nxe4 40. Rxe7 Qxe7 41. Qe1 Qf6 42. Qxe4 Qxc3 43. Qxf4 Qxc2 44. Qxd6 c4 45. Qe5 c3 46. d6 Qd1+ 47. Kh2 c2 48. Qe6+ Kh7 49. Qf5+ Kg8 50. Qe6+ Kh7 51. Qe4+ Kg8 52. Qc4+ Kh7 53. d7 c1=Q 54. Qxc1 Qxc1 55. d8=Q Qf4+ 56. Kg1 Qc1+ 57. Kf2 Qb2+ 58. Kf1 Qc2 59. Qd5 Qc1+ 60. Kf2 Qc2+ 61. Kg3 Qc7+ 62. f4 Qc3+ 63. Kh2 Qe3 64. Qe5 Qd3 65. f5 Qd8 66. Qc3 Qd6+ 67. Qg3 Qf6 68. Qf4 Qd8 69. Qe5 Kh8 70. g3 Qd2+ 71. Kg1 Qd1+ 72. Kf2 Qd2+ 73. Kf3 Qd1+ 74. Kf4 Qd2+ 75. Ke4 Qe1+ 76. Kd4 Qa1+ 77. Ke4 Qe1+ 78. Kf4 Qd2+ 79. Kf3 Qd1+ 80. Kf2 Qd2+ 81. Kf1 Qd1+ 1/2-1/2

[Event "BL2-Sued 0203"]
[Site "?"]
[Date "2003.02.24"]
[Round "7.2"]
[White "Gohil Harry"]
[Black "Vidonyak Roman"]
[Result "0-1"]
[WhiteElo "2354"]
[BlackElo "2452"]
[PlyCount "82"]
[EventDate "2003.??.??"]
[Source "www.chesslib.no"]
[SourceDate "2004.05.04"]

1. d4 c5 2. d5 Nf6 3. Nc3 d6 4. e4 g6 5. Nf3 Bg7 6. Bd3 O-O 7. O-O Na6 8. Nd2 e6 9. Nc4 Nc7 10. Ne3 Rb8 11. a4 a6 12. a5 Bd7 13. f4 exd5 14. exd5 Re8 15. g4 Rxe3 16. Bxe3 Nxg4 17. Bf2 Nxf2 18. Kxf2 Bh3 19. Qf3 Qh4+ 20. Kg1 Bxf1 21. Rxf1 f5 22. Na4 Re8 23. Nb6 Bxb2 24. Nc4 Bd4+ 25. Kh1 Nb5 26. c3 Bxc3 27. Bxf5 gxf5 28. Nxd6 Re1 29. Nxb5 Rxf1+ 30. Qxf1 axb5 31. Qg1+ Kf7 32. Qxc5 Qe1+ 33. Kg2 Qe4+ 34. Kf1 Qc4+ 35. Qxc4 bxc4 36. Ke2 Bxa5 37. Ke3 b5 38. Kd4 Bb6+ 39. Kc3 Bc5 40. h3 Ke7 41. Kc2 Kd6 0-1

[Event "BL2-S 9697"]
[Site "?"]
[Date "1996.??.??"]
[Round "?"]
[White "Gerstner Wolfgang"]
[Black "Panzalovic Srdjan"]
[Result "0-1"]
[WhiteElo "2385"]
[BlackElo "2420"]
[PlyCount "102"]
[EventDate "1996.??.??"]
[Source "www.chesslib.no"]
[SourceDate "2004.05.04"]

1. d4 c5 2. d5 Nf6 3. Nc3 g6 4. e4 d6 5. Bg5 Bg7 6. Qd2 a6 7. a4 h6 8. Be3 Ng4 9. Bf4 Qa5 10. f3 Ne5 11. Nd1 Qxd2+ 12. Kxd2 e6 13. Ne3 O-O 14. Bc4 exd5 15. Bxd5 Nbc6 16. c3 Be6 17. Ne2 Bxd5 18. Nxd5 f5 19. Nc7 Rac8 20. Ne6 Rfe8 21. Nxg7 Kxg7 22. Ng3 fxe4 23. Nxe4 Nc4+ 24. Kc2 d5 25. Ng3 Re6 26. b3 Nb6 27. Rhe1 Rxe1 28. Rxe1 Kf7 29. h4 h5 30. Bg5 c4 31. bxc4 Nxc4 32. f4 Nd6 33. Kd3 Nf5 34. Nxf5 gxf5 35. Rb1 Rc7 36. Rb6 Ke6 37. c4 Rd7 38. cxd5+ Kxd5 39. Rb1 Kc5+ 40. Kc3 b5 41. axb5 axb5 42. Bf6 b4+ 43. Kc2 Nd4+ 44. Kd3 Nb5+ 45. Ke3 Kc4 46. Ra1 Rd3+ 47. Kf2 Nc3 48. Ra8 Ne4+ 49. Ke2 Nxf6 50. Rc8+ Kd4 51. Rd8+ Nd5 0-1

[Event "Czech Open, Pardubice CZE"]
[Site "?"]
[Date "2001.??.??"]
[Round "3"]
[White "Jurek, J."]
[Black "Meduna, E."]
[Result "1-0"]
[WhiteElo "2325"]
[BlackElo "2480"]
[PlyCount "69"]
[EventDate "2001.??.??"]
[Source "www.chesslib.no"]
[SourceDate "2004.05.04"]

1. d4 c5 2. d5 Nf6 3. Nc3 g6 4. e4 d6 5. Nf3 Bg7 6. h3 e5 7. Bg5 h6 8. Be3 a6 9. a4 O-O 10. Qd2 Kh7 11. Ng1 Nbd7 12. g4 Ng8 13. Bd3 Ndf6 14. Nge2 Bd7 15. Ng3 Rb8 16. a5 Ne8 17. Na4 Bxa4 18. Rxa4 Bf6 19. b4 Bg5 20. bxc5 dxc5 21. Bxg5 hxg5 22. h4 gxh4 23. g5 Kg7 24. Nf5+ gxf5 25. exf5 e4 26. Rxe4 f6 27. Rexh4 Rf7 28. g6 Re7+ 29. Kf1 Kf8 30. Rh8 Rg7 31. Bc4 b5 32. Qh6 Ke7 33. Qe3+ Kf8 34. R1h7 Qd6 35. Qh6 1-0

[Event "Oceania zt"]
[Site "?"]
[Date "2005.02.02"]
[Round "6"]
[White "Johansen Darryl K"]
[Black "Depasquale Chris"]
[Result "1-0"]
[WhiteElo "2471"]
[BlackElo "2333"]
[PlyCount "79"]
[EventDate "2005.??.??"]
[Source "www.chesslib.no"]
[SourceDate "2004.05.04"]

1. d4 c5 2. d5 Nf6 3. Nf3 g6 4. c4 Bg7 5. Nc3 O-O 6. e4 d6 7. h3 e5 8. Bg5 h6 9. Be3 Kh7 10. g4 Ne8 11. Bd3 Na6 12. a3 Nac7 13. Qc2 Bd7 14. Ke2 Rb8 15. b4 b6 16. Rab1 Rc8 17. Qb3 Qe7 18. Rbg1 f5 19. gxf5 gxf5 20. exf5 Kh8 21. Rg4 e4 22. Nxe4 Bxf5 23. Nh4 Bxg4+ 24. hxg4 Qd7 25. Nf5 Kg8 26. Bxh6 Rxf5 27. gxf5 Qxf5 28. Kf1 Qe5 29. Qd1 cxb4 30. axb4 b5 31. Qg4 bxc4 32. Bxg7 Qxg7 33. Nf6+ Kf8 34. Nd7+ Kg8 35. Bh7+ Kf7 36. Qf5+ Ke7 37. Bg6 Kd8 38. Rh7 Qa1+ 39. Kg2 Qc1 40. Nc5 1-0

[Event "06.OIBayEM Bad Wiessee op"]
[Site "?"]
[Date "2002.10.28"]
[Round "3"]
[White "Slobodjan Roman"]
[Black "Rosen Bernd"]
[Result "1-0"]
[WhiteElo "2521"]
[BlackElo "2280"]
[PlyCount "97"]
[EventDate "2002.??.??"]
[Source "www.chesslib.no"]
[SourceDate "2004.05.04"]

1. d4 c5 2. d5 Nf6 3. Nc3 d6 4. e4 g6 5. Nf3 Bg7 6. Bb5+ Bd7 7. a4 O-O 8. O-O Na6 9. Re1 Nc7 10. Bf1 a6 11. a5 Nb5 12. Nb1 e6 13. c4 Nd4 14. Nxd4 cxd4 15. Nd2 b5 16. axb6 Qxb6 17. b4 exd5 18. cxd5 d3 19. Ra2 Rfc8 20. Bxd3 Rc3 21. Nf3 Bb5 22. Bxb5 Qxb5 23. Bb2 Rc4 24. Qa1 Ne8 25. Bxg7 Nxg7 26. Ra5 Qxb4 27. Rb1 Qc3 28. Qxc3 Rxc3 29. h3 Rc4 30. e5 dxe5 31. Nxe5 Rd4 32. Rb7 Rf8 33. Nd7 Rd8 34. Nf6+ Kf8 35. Nxh7+ Kg8 36. Nf6+ Kf8 37. Rxa6 Ne8 38. g3 Nd6 39. Rc7 Nb5 40. Rc5 Nd6 41. Rc7 Nb5 42. Rc5 Nd6 43. Ra7 Kg7 44. Ng4 Nc4 45. Rcc7 Rf8 46. Kg2 Nd6 47. Rd7 Nf5 48. Ne5 Nh6 49. Ra6 1-0

[Event "Oberliga Nord N 9697"]
[Site "?"]
[Date "1997.??.??"]
[Round "?"]
[White "Stern Rene"]
[Black "Kunsztowicz Uwe"]
[Result "1-0"]
[WhiteElo "2445"]
[BlackElo "2355"]
[PlyCount "63"]
[EventDate "1997.??.??"]
[Source "www.chesslib.no"]
[SourceDate "2004.05.04"]

1. d4 c5 2. d5 Nf6 3. Nc3 d6 4. e4 g6 5. Nf3 Bg7 6. Bb5+ Nbd7 7. a4 O-O 8. O-O Ne8 9. Re1 Nc7 10. Bf1 a6 11. Bf4 Nf6 12. h3 Bd7 13. e5 Nfe8 14. a5 Bb5 15. Qd2 Bxf1 16. Kxf1 dxe5 17. Bxe5 e6 18. Bxg7 Kxg7 19. dxe6 Nxe6 20. Nd5 Nf6 21. c4 Nxd5 22. cxd5 Nc7 23. Qc3+ Kg8 24. Qxc5 Rc8 25. Rad1 Nb5 26. Qb4 Qf6 27. d6 Rc2 28. d7 Qd8 29. Qe7 Nc7 30. Ng5 Ne6 31. Rxe6 Rxf2+ 32. Kg1 1-0

[Event "Open"]
[Site "Ottawa op"]
[Date "1995.??.??"]
[Round "3"]
[White "Taylor, Gordon"]
[Black "Hergott, Deen"]
[Result "0-1"]
[WhiteElo "2320"]
[BlackElo "2480"]
[PlyCount "122"]
[EventDate "1995.??.??"]
[Source "www.chesslib.no"]
[SourceDate "2004.05.04"]

1. d4 c5 2. d5 Nf6 3. Nc3 Qa5 4. Bd2 b5 5. e4 b4 6. e5 bxc3 7. Bxc3 Qa4 8. exf6 Qe4+ 9. Qe2 Qxe2+ 10. Nxe2 gxf6 11. Ng3 d6 12. Bb5+ Bd7 13. Bxd7+ Nxd7 14. O-O-O Rg8 15. Rhg1 Nb6 16. b3 Rg5 17. Rge1 Rxd5 18. Rxd5 Nxd5 19. Bd2 Rc8 20. Re4 c4 21. Rxc4 Rxc4 22. bxc4 Nb6 23. Be3 e6 24. Ne4 Nxc4 25. Nxf6+ Ke7 26. Bg5 h6 27. Ng8+ Ke8 28. Bxh6 Bxh6+ 29. Nxh6 f5 30. g4 f4 31. g5 Ne5 32. h3 Kf8 33. Ng4 Nf3 34. Kd1 Kf7 35. c4 Nxg5 36. h4 Ne4 37. Kc2 Kg6 38. Kd3 Nc5+ 39. Kd4 Kh5 40. Nf6+ Kxh4 41. Ne8 Nb7 42. c5 dxc5+ 43. Ke4 Kg5 44. Nc7 Nd8 45. Na6 c4 46. Nc5 Kg4 47. Nd7 Nc6 48. Nf6+ Kg5 49. Nh7+ Kg6 50. Nf8+ Kf7 51. Nd7 Ke7 52. Nc5 Nb4 53. Kxf4 Kd6 54. Ne4+ Kd5 55. Nc3+ Kd4 56. Nb5+ Kd3 57. a3 Nc6 58. Kg5 a6 59. Nc7 c3 60. Nxe6 c2 61. Nc5+ Kc4 0-1

[Event "LNA Copa Puma"]
[Site "Argentina ARG"]
[Date "2007.09.01"]
[Round "4"]
[White "Lafuente, P."]
[Black "Scarella, E."]
[Result "1-0"]
[WhiteElo "2454"]
[BlackElo "2344"]
[PlyCount "73"]
[EventDate "2007.08.11"]
[Source "www.chesslib.no"]
[SourceDate "2004.05.04"]

1. d4 c5 2. d5 Nf6 3. Nf3 d6 4. Nc3 g6 5. e4 Bg7 6. Bb5+ Bd7 7. a4 O-O 8. h3 e6 9. O-O exd5 10. exd5 Bf5 11. Bf4 Ne4 12. Nxe4 Bxe4 13. Re1 Bxf3 14. Qxf3 Bxb2 15. Rab1 Bf6 16. Qg3 Bh4 17. Qe3 Bf6 18. Re2 a6 19. Bc4 b5 20. axb5 axb5 21. Bxb5 Ra7 22. Qg3 Bh4 23. Qh2 Qf6 24. Bxd6 Ra1 25. Rf1 Qb2 26. Bxf8 Rxf1+ 27. Kxf1 Qb1+ 28. Re1 Qxb5+ 29. Kg1 Kxf8 30. Qf4 Bd8 31. Qd6+ Kg7 32. Qxd8 Nd7 33. Re7 Nf6 34. Qc7 Qb1+ 35. Kh2 Qb2 36. Rxf7+ Kh6 37. Qf4+ 1-0

[Event "Las Palmas Open"]
[Site "Las Palmas ESP"]
[Date "1991.??.??"]
[Round "5"]
[White "Garcia Padron, Jose"]
[Black "Brito Garcia, Alfredo"]
[Result "0-1"]
[WhiteElo "2445"]
[BlackElo "2350"]
[PlyCount "71"]
[EventDate "1991.??.??"]
[Source "www.chesslib.no"]
[SourceDate "2004.05.04"]

1. d4 c5 2. d5 Nf6 3. Nc3 d6 4. e4 g6 5. Nf3 Bg7 6. Be2 O-O 7. O-O b6 8. a4 Ba6 9. Bg5 h6 10. Bf4 Nfd7 11. Bb5 Bb7 12. Re1 a6 13. Bc4 Ne5 14. Nxe5 dxe5 15. Bg3 Nd7 16. Bh4 Bf6 17. Qg4 Kg7 18. Rad1 Rh8 19. d6 e6 20. Bxf6+ Qxf6 21. Re3 h5 22. Qe2 Rhd8 23. Rf3 Qh4 24. Qe3 Re8 25. Re1 Qd8 26. Rh3 Rh8 27. Rf1 Nf6 28. Qd3 Qd7 29. f4 exf4 30. Rxf4 Ng4 31. Rxg4 hxg4 32. Rxh8 Rxh8 33. e5 Rh5 34. Qg3 Qc6 35. Bf1 c4 36. Qf4 0-1

[Event "Pannon Cup 2nd"]
[Site "?"]
[Date "2000.??.??"]
[Round "8"]
[White "Turzo Attila"]
[Black "Feletar Darko"]
[Result "1-0"]
[WhiteElo "2360"]
[BlackElo "2435"]
[PlyCount "81"]
[EventDate "2000.??.??"]
[Source "www.chesslib.no"]
[SourceDate "2004.05.04"]

1. d4 c5 2. d5 Nf6 3. Nc3 g6 4. e4 d6 5. Nf3 Bg7 6. Bb5+ Nbd7 7. a4 O-O 8. O-O a6 9. Be2 Rb8 10. a5 Ne8 11. Nd2 Nc7 12. Nc4 Nb5 13. Na4 Nf6 14. Bd3 e6 15. Nab6 exd5 16. exd5 Nd7 17. Nxd7 Bxd7 18. Bf4 Qc7 19. Qd2 Rfe8 20. c3 Re7 21. Bg5 f6 22. Bf4 Be8 23. Rfe1 Bf7 24. Rxe7 Qxe7 25. Re1 Qf8 26. Nb6 Rd8 27. h4 Nc7 28. c4 Re8 29. Rxe8 Nxe8 30. Qe3 f5 31. Nd7 Bd4 32. Qxd4 Qe7 33. Nxc5 dxc5 34. Qe5 Qxh4 35. d6 Qd8 36. Qxc5 g5 37. Be5 Qd7 38. Qd4 Be6 39. b4 Qa4 40. Bf1 Kf7 41. b5 1-0

[Event "New York Open"]
[Site "New York, NY USA"]
[Date "1984.??.??"]
[Round "2"]
[White "Wells, Peter K"]
[Black "Shirazi, Kamran G"]
[Result "0-1"]
[WhiteElo "2320"]
[BlackElo "2470"]
[PlyCount "84"]
[EventDate "1984.04.??"]
[Source "www.chesslib.no"]
[SourceDate "2004.05.04"]

1. d4 c5 2. d5 Nf6 3. Nc3 d6 4. e4 g6 5. Nf3 Bg7 6. Bb5+ Bd7 7. a4 O-O 8. h3 e5 9. O-O Bc8 10. Nd2 Nh5 11. Re1 f5 12. exf5 Nf4 13. Nf3 Rxf5 14. Ne4 h6 15. Bxf4 Rxf4 16. Bd3 Na6 17. Ng3 Qf6 18. Nd2 Bd7 19. c3 Rf8 20. Nge4 Qe7 21. Nc4 Bf6 22. Ncxd6 Bh4 23. g3 Rxf2 24. Nxf2 Bxg3 25. Nfe4 Qh4 26. Rf1 Bf4 27. Rf3 Bxh3 28. Qe2 Qg4+ 29. Rg3 Bxg3 30. Qxg4 Bxg4 31. Nxg3 Rf3 32. Bxa6 Rxg3+ 33. Kh2 Rh3+ 34. Kg2 bxa6 35. Re1 Rd3 36. Rxe5 Bf3+ 37. Kf2 Bxd5 38. Ke2 c4 39. Re8+ Kg7 40. Re7+ Kf6 41. Rxa7 Ke5 42. Nf7+ Kf4 0-1

[Event "It (Open) Hyderabad IND"]
[Site "?"]
[Date "2006.02.28"]
[Round "4"]
[White "Murshed Niaz"]
[Black "Hegde Ravi Gopal"]
[Result "1-0"]
[WhiteElo "2460"]
[BlackElo "2327"]
[PlyCount "75"]
[EventDate "2006.??.??"]
[Source "www.chesslib.no"]
[SourceDate "2004.05.04"]

1. d4 c5 2. d5 Nf6 3. Nf3 d6 4. Nc3 g6 5. e4 Bg4 6. Be2 Bg7 7. Nd2 Bxe2 8. Qxe2 O-O 9. Nc4 Nbd7 10. a4 Nb6 11. Ne3 Re8 12. a5 Nc8 13. O-O e5 14. Nc4 Nh5 15. g3 Qd7 16. Be3 Qh3 17. f3 Qd7 18. Rab1 f5 19. Bf2 b5 20. axb6 axb6 21. Ra1 Rxa1 22. Rxa1 b5 23. Nd2 Bh6 24. Nb3 Na7 25. Ra6 Nf6 26. Nxc5 dxc5 27. Rxf6 b4 28. Nd1 Nb5 29. c3 bxc3 30. bxc3 fxe4 31. fxe4 Bf8 32. Kg2 Na7 33. Ra6 Nc8 34. Ne3 Bd6 35. Qg4 Qxg4 36. Nxg4 Kf7 37. Rc6 h6 38. Ne3 1-0

[Event "Villa Ballester Open"]
[Site "Villa Ballester ARG"]
[Date "1993.??.??"]
[Round "5"]
[White "Bronstein, Luis M"]
[Black "Giaccio, Alfredo Gustavo"]
[Result "1/2-1/2"]
[WhiteElo "2425"]
[BlackElo "2360"]
[PlyCount "37"]
[EventDate "1993.??.??"]
[Source "www.chesslib.no"]
[SourceDate "2004.05.04"]

1. d4 c5 2. d5 Nf6 3. Nc3 g6 4. e4 d6 5. Nf3 Bg7 6. Be2 O-O 7. O-O Na6 8. Rb1 Nc7 9. a3 Bg4 10. h3 Bxf3 11. Bxf3 Nd7 12. Be2 a6 13. Bg5 b5 14. Qd2 b4 15. axb4 cxb4 16. Na4 Rb8 17. Bh6 Bxh6 18. Qxh6 Nb5 19. Qd2 1/2-1/2